Water / (Record no. 5877)

MARC details
000 -LEADER
fixed length control field 00897nam a22002657a 4500
001 - CONTROL NUMBER
control field 5877
003 - CONTROL NUMBER IDENTIFIER
control field FISKH
005 - DATE AND TIME OF LATEST TRANSACTION
control field 20250318154034.0
008 - FIXED-LENGTH DATA ELEMENTS--GENERAL INFORMATION
fixed length control field 250127b cb ||||| |||| 00| 0 eng d
020 ## - INTERNATIONAL STANDARD BOOK NUMBER
International Standard Book Number 0356071103
040 ## - CATALOGING SOURCE
Original cataloging agency FISKH
Language of cataloging eng
Transcribing agency FISKH
Modifying agency FISKH
050 ## - LIBRARY OF CONGRESS CALL NUMBER
Classification number PZ7
082 ## - DEWEY DECIMAL CLASSIFICATION NUMBER
Classification number 553.7
100 ## - MAIN ENTRY--PERSONAL NAME
Personal name Gunston, Bill
245 ## - TITLE STATEMENT
Title Water /
Statement of responsibility, etc. By Bill Gunston
250 ## - EDITION STATEMENT
Edition statement First published 1980
260 ## - PUBLICATION, DISTRIBUTION, ETC.
Place of publication, distribution, etc. London :
Name of publisher, distributor, etc. Macdonlad Education ,
Date of publication, distribution, etc. 1980.
300 ## - PHYSICAL DESCRIPTION
Extent 48 pages :
Other physical details color illustrations ;
Dimensions 29 cm .
520 ## - SUMMARY, ETC.
Summary, etc. Discusses the many aspects of water, such as flotation; steam; the water cycle; groundwater; oceans; water in the body, home, and industry; and water power. Includes a glossary, facts, and reference material<br/>
650 ## - SUBJECT ADDED ENTRY--TOPICAL TERM
Topical term or geographic name entry element science
Form subdivision Non-fiction
650 ## - SUBJECT ADDED ENTRY--TOPICAL TERM
Topical term or geographic name entry element water
Form subdivision Non-fiction
700 ## - ADDED ENTRY--PERSONAL NAME
Personal name Rowlstone, John
Relator term Editor
942 ## - ADDED ENTRY ELEMENTS (KOHA)
Source of classification or shelving scheme Dewey Decimal Classification
Koha item type Books
Suppress in OPAC No
Holdings
Withdrawn status Lost status Source of classification or shelving scheme Damaged status Not for loan Collection Home library Current library Shelving location Date acquired Total Checkouts Full call number Barcode Date last seen Price effective from Koha item type
    Dewey Decimal Classification     Non-Fiction Footprints International School Library Network Toul Tom Poung Campus Footprints International School Library Network Toul Tom Poung Campus TTP Secondary Non-Fiction Bookshelves 01/27/2025   GUN PZ7 553.7 FIS01311 01/27/2025 01/27/2025 Books